It looks like you're offline.
Open Library logo
additional options menu

MARC Record from Talis

Record ID talis_openlibrary_contribution/talis-openlibrary-contribution.mrc:1377954839:638
Source Talis
Download Link /show-records/talis_openlibrary_contribution/talis-openlibrary-contribution.mrc:1377954839:638?format=raw

LEADER: 00638nam a2200181 a 4500
001 6dbd0106ae8a4021aa9a0f368dd889ab
003 UK-BiTAL
005 20050705143540.0
008 971211s1860 xxk | 000 ||eng|d
035 $a()y6746479
040 $aLI$cLI$dUK-BiTAL
100 1 $aRuskin, John.
245 04 $aThe elements of drawing in three letters to beginners /$cby John Ruskin.
250 $a2nd edition.
260 $aLondon :$bSmith, Elder and Co,$c1860.
300 $axxii,[i],360p. :$bill. ;$c19 cm.
563 $aCSAC Binding?; Half bound in tan leather; blind tooling to boards; marbled boards.$5LO/C43
655 7 $aCSAC Bindings.$2local$5LO/C43